Macroeconomics / (Record no. 12816)

000 -LEADER
fixed length control field 00531nam a22001697a 4500
008 - FIXED-LENGTH DATA ELEMENTS--GENERAL INFORMATION
fixed length control field 160808b xxu||||| |||| 00| 0 eng d
020 ## - INTERNATIONAL STANDARD BOOK NUMBER
International Standard Book Number 0201441330
050 ## - LIBRARY OF CONGRESS CALL NUMBER
Classification number HB 172.5.A24 2001
100 ## - MAIN ENTRY--PERSONAL NAME
Personal name Abel, Andrew B.
Dates associated with a name 2001
245 ## - TITLE STATEMENT
Title Macroeconomics /
Statement of responsibility, etc. Andrew B.Abel and Ben S. Bernanke
250 ## - EDITION STATEMENT
Edition statement 4th ed.
260 ## - PUBLICATION, DISTRIBUTION, ETC. (IMPRINT)
Place of publication, distribution, etc. Boston;
Name of publisher, distributor, etc. Addison Wesley,
Date of publication, distribution, etc. 2001.
300 ## - PHYSICAL DESCRIPTION
Extent xxvi, 630 p. :ill.
Other physical details Includes index.
650 ## - SUBJECT ADDED ENTRY--TOPICAL TERM
Topical term or geographic name as entry element Macroeconomics.
700 ## - ADDED ENTRY--PERSONAL NAME
Personal name Bernanke, Ben S.
942 ## - ADDED ENTRY ELEMENTS (KOHA)
Source of classification or shelving scheme
Koha item type Hard Covered Materials
Classification part HB 172.5.A24 2001
Koha issues (borrowed), all copies 2
Holdings
Withdrawn status Lost status Source of classification or shelving scheme Damaged status Not for loan Home library Current library Shelving location Date acquired Source of acquisition Total Checkouts Full call number Barcode Date last seen Date last checked out Price effective from Koha item type
          MACHAKOS UNIVERSITY LIBRARY MACHAKOS UNIVERSITY LIBRARY Open shelf 08/08/2016 Donation(BFA) 3 HB 172.5.A24 2001 24181 14/03/2022 08/03/2022 08/08/2016 Hard Covered Materials
© Machakos University Library, Along The Highway, Machakos Wote Rd, Machakos, Kenya P.O. Box 136 - 90100 Machakos - Kenya

Tel: ( +254 ) 723 805829 OR Fax : 044-20353 OR Email: library@mksu.ac.ke